Estadísticas para Capital Europea Aleatoria a País

Haz click aquí para intentar la prueba.

Estadísticas generales

  • Esta prueba ha sido intentada 42 veces
  • La puntuación promedio es 9 de 10

Estadísticas de respuestas

CiudadPaís% Correcto
TiranaAlbania
100%
BerlínAlemania
100%
Andorra la ViejaAndorra
100%
VienaAustria
100%
BruselasBélgica
100%
MinskBielorrusia
100%
Ciudad del VaticanoCiudad del Vaticano
100%
ZagrebCroacia
100%
LiublianaEslovenia
100%
MadridEspaña
100%
HelsinkiFinlandia
100%
ParísFrancia
100%
AtenasGrecia
100%
BudapestHungría
100%
RomaItalia
100%
PristinaKosovo
100%
RigaLetonia
100%
VilnaLituania
100%
LuxemburgoLuxemburgo
100%
La ValetaMalta
100%
MónacoMónaco
100%
PodgoricaMontenegro
100%
OsloNoruega
100%
ÁmsterdamPaíses Bajos
100%
VarsoviaPolonia
100%
LisboaPortugal
100%
LondresReino Unido
100%
PragaRepública Checa
100%
BucarestRumania
100%
MoscúRusia
100%
San MarinoSan Marino
100%
EstocolmoSuecia
100%
KievUcrania
100%
SarajevoBosnia y Herzegovina
89%
TallinEstonia
88%
DublinIrlanda
88%
BelgradoSerbia
86%
BernaSuiza
83%
ReikiavikIslandia
78%
SkopieMacedonia del Norte
78%
SofíaBulgaria
75%
CopenhagueDinamarca
75%
BratislavaEslovaquia
75%
VaduzLiechtenstein
71%
ChișinăuMoldavia
63%

Distribución de puntuación

Porcentaje por número respondido

Porcentaje de gente con cada puntuación

Historial de tus puntuaciones

No has intentado esta prueba.